书目信息 |
| 题名: |
ERP--企业资源计划
|
|
| 作者: | 萨姆纳, 著 ;张玉亭 , 杨晓云 译 | |
| 分册: | ||
| 出版信息: | 北京 中国人民大学出版社 2005.11 |
|
| 页数: | 242页 | |
| 开本: | 24cm | |
| 丛书名: | 工商管理经典译丛 | |
| 单 册: | ||
| 中图分类: | F270.7 | |
| 科图分类: | ||
| 主题词: | 企业管理--qi ye guan li--计算机管理系统 | |
| 电子资源: | ||
| ISBN: | 7-300-06703-4 | |
| 000 | 01182nam 2200289 450 | |
| 001 | 012006652358 | |
| 005 | 20060922153117.76 | |
| 010 | @a7-300-06703-4@dCNY23.00 | |
| 100 | @a20060704d2005 km y0chiy0120 ea | |
| 101 | 1 | @achi@ceng |
| 102 | @aCN@b110000 | |
| 105 | @aa z 000yy | |
| 200 | 1 | @aERP--企业资源计划@AERP--qi ye zi yuan ji hua@d= Enterprise resource planning@f(美) 玛丽·萨姆纳著@F(mei)ma li·sa mu na zhu@g张玉亭, 杨晓云译@Gzhang yu ting,yang xiao yun yi@zeng |
| 210 | @a北京@c中国人民大学出版社@d2005.11 | |
| 215 | @a242页@c图@d24cm | |
| 225 | 2 | @a工商管理经典译丛@Agong shang guan li jing dian yi cong@i简明系列 |
| 330 | @a本书包括:ERP系统基础知识;流程再造与企业资源计划系统;企业资源计划系统的规划设计和实施;ERP系统:市场营销;ERP系统:财务会计等内容。 | |
| 410 | 0 | @12001 @a简明系列 |
| 410 | 0 | @12001 @a工商管理经典译丛 |
| 510 | 1 | @aEnterprise resource planning@zeng |
| 606 | 0 | @a企业管理@Aqi ye guan li@x计算机管理系统 |
| 690 | @aF270.7@v4 | |
| 701 | 1 | @a萨姆纳,@Asa mu na,@bM.@g(Sumner, Mary)@4著 |
| 702 | 0 | @a张玉亭@Azhang yu ting@4译 |
| 702 | 0 | @a杨晓云@Ayang xiao yun@4译 |
| 801 | 0 | @aCN@bQSSK@c20060922 |
| 905 | @a10447@dF270.7@eS006 | |
| ERP--企业资源计划= Enterprise resource planning/(美) 玛丽·萨姆纳著/张玉亭, 杨晓云译.-北京:中国人民大学出版社,2005.11 |
| 242页:图;24cm.-(工商管理经典译丛.简明系列) |
| ISBN 7-300-06703-4:CNY23.00 |
| 本书包括:ERP系统基础知识;流程再造与企业资源计划系统;企业资源计划系统的规划设计和实施;ERP系统:市场营销;ERP系统:财务会计等内容。 |
| ● |
| 相关链接 |
|
|
|
正题名:ERP--企业资源计划
索取号:F270.7/S006
 
预约/预借
| 序号 | 登录号 | 条形码 | 馆藏地/架位号 | 状态 | 备注 |
| 1 | 593947 | 205939476 | 社科库409/409社科库 86排3列4层/ [索取号:F270.7/S006] | 在馆 | |
| 2 | 593948 | 205939485 | 社科库409/409社科库 86排3列4层/ [索取号:F270.7/S006] | 在馆 | |
| 3 | 593949 | 205939494 | 社科库409/409社科库 86排3列4层/ [索取号:F270.7/S006] | 在馆 |